000 00211nam a22000857a 4500
008 170621b xxu||||| |||| 00| 0 eng d
100 _93597
_aMajumdar. L
245 _aMother Terasa
260 _aNew Delhi
_bA. P. H
_c2006
999 _c6985
_d6985